Simulation of systems '79 proceedings of the 9th IMACS Congress Sorrento, Italy, September 24-28, 1979

Gespeichert in:
Bibliographische Detailangaben
Format: Buch
Sprache:Englisch
Veröffentlicht: Amsterdam North-Holland Publishing Company 1980
Tags: Tag hinzufügen
Keine Tags, Fügen Sie das erste Tag hinzu!

MARC

LEADER 00000nam a2200000 4500
001 c131792
005 20250131100057.6
041 0 |a eng 
044 |a NL 
245 1 0 |a Simulation of systems '79  |b proceedings of the 9th IMACS Congress Sorrento, Italy, September 24-28, 1979  |c Ed. L. Dekker 
264 1 |a Amsterdam  |b North-Holland Publishing Company  |c 1980 
300 |a 1169 s.